00783nam a2200241 a 4500999001500000001000500015003000900020005001700029008004200046020001500088040003800103082001900141100002000160245009000180250001200270260003100282300004100313490001600354650002200370700002000392942001200412952011700424 c4714d47144376BD-DhUAP20201117144113.0201117s1996 nyua 000 0 eng d a0471118397 aBD-DhAALcBD-DhAALbengdBD-DhUAP00a540.76 BRA223 aBrady, James E.12aChemistry :bthe study of matter and its changes /cJames E. Brady and John R. Holum. a2nd ed. aNew York :bWiley,cc1996. a436 pages :billustrations ;c25 cm. aStudy Guide 0aChemistry.912903 aHolum, John R.  2ddccBK 00102ddc4070aUAPCLbUAPCLcGeneral Stacksd2020-11-17o540.76 BRAp3010004376r2020-11-17t1w2020-11-17yBK